Дело о выкупе земельных наделов вольными людьми наследниками Меера, Каминским и др. у Я.Е. Березинского деревни Рыдыкишки Россие...

Доступно только в Электронных читальных залах Найти на картеНа карте
RUSMARC
00004232nmc2a2200000 x 450
0011b0cfaae-8a3d-4080-bbb0-85c111b6619c
00520160109065810.0
100##$a20141217l18891890k l0rusy0189 ca
1010#$arus
102##$aRU
2001#$aДело о выкупе земельных наделов вольными людьми наследниками Меера, Каминским и др. у Я.Е. Березинского деревни Рыдыкишки Россиенского уезда Ковенской губернии
$j16 октября 1889 г. - 20 февраля 1890 г.
251##$cДело
300##$aДело
300##$aОриг. заголовок дела: Дело Березинского Я.Е. с вольными людьми наследниками Меера, Камински, Чесно и наследниками Теникайтиса о выкупе земли в деревне Рыдыкишках Ковенской губернии Россиенского уезда. 16 октября 1889 г. - 20 февраля 1890 г
801#0$aRU
$bРГИА
$c20141217
$gRCR
801#1$aRU
$bГлавНИВЦ
$c20141217
$2rusmarc
801#2$aRU
$bПБ им. Б.Н. Ельцина
$c20160109
$gRCR
$2rusmarc
850##$aРГИА
852##$aРГИА
$eФедеральное казенное учреждение "Российский государственный исторический архив" (РГИА)
$j1435
937##$hРГИА
$d11173801
$aASBIBLIO_SCAN
462#0$1001502adf71-6cdd-4b0a-8019-ccd751bf1031
$12001
$aДела Главного выкупного учреждения Министерства финансов по Ковенской губернии
$1251
$cОпись
$1852
$j15
461#0$10018ef30ad5-ff5c-4840-a721-74c62a200f95
$12001
$aГлавное выкупное учреждение Министерства финансов
$1251
$cФонд
$1852
$j577
215##$a24 л.
$d36,5х26 см
371##$aДокумент не является опубликованным и широко распространяемым
105##$ay###
1222#$ad
5171#$aДело Березинского Я.Е. с вольными людьми наследниками Меера, Камински, Чесно и наследниками Теникайтиса о выкупе земли в деревне Рыдыкишках Ковенской губернии Россиенского уезда. 16 октября 1889 г. - 20 февраля 1890 г
035##$a1b0cfaae-8a3d-4080-bbb0-85c111b6619c
Формат отображения